| 000 -LEADER |
| fixed length control field |
00613cam a2200205 a 4500 |
| 020 ## - INTERNATIONAL STANDARD BOOK NUMBER |
| ISBN |
1841870641 |
| 040 ## - CATALOGING SOURCE |
| Transcribing agency |
CtY-EP |
| 082 ## - DEWEY DECIMAL CLASSIFICATION NUMBER |
| Classification number |
362 SAV 2003 A016 Or. |
| 100 1# - MAIN ENTRY--AUTHOR NAME |
| Personal name |
Gosling, Louisa. |
| 245 10 - TITLE STATEMENT |
| Title |
Toolkits : |
| Remainder of title |
a practical guide to planning, monitoring, evaluation and impact assessment / |
| 250 ## - EDITION STATEMENT |
| Edition statement |
2nd ed. |
| 260 ## - PUBLICATION, DISTRIBUTION, ETC. (IMPRINT) |
| Place of publication |
London : |
| Name of publisher |
Save the Children, |
| Year of publication |
2003. |
| 300 ## - PHYSICAL DESCRIPTION |
| Number of Pages |
xi, 341 p. : |
| Other physical details |
ill. ; |
| Dimensions |
24 cm. |
| 490 1# - SERIES STATEMENT |
| Series statement |
Development manual |
| 650 #0 - SUBJECT ADDED ENTRY--TOPICAL TERM |
| Topical Term |
Child welfare. |
| 650 #0 - SUBJECT ADDED ENTRY--TOPICAL TERM |
| Topical Term |
Community development. |
| 700 1# - ADDED ENTRY--PERSONAL NAME |
| Personal name |
Edwards, Mike. |
| 710 2# - ADDED ENTRY--CORPORATE NAME |
| Corporate name or jurisdiction name as entry element |
Save the Children Fund (Great Britain) |
| 942 ## - ADDED ENTRY ELEMENTS (KOHA) |
| Koha item type |
សៀវភៅភាសាអង់គ្លេស |
| 952 ## - LOCATION AND ITEM INFORMATION (KOHA) |
| Withdrawn status [LOCAL, KOHA] |
0 |